Carregant...
Chandranotoppam
| Autor principal: | |
|---|---|
| Format: | Printed Book |
| Idioma: | English |
| Publicat: |
Kottayam
D C Books
2013
|
| Matèries: |
| LEADER | 00539 a2200169 4500 | ||
|---|---|---|---|
| 005 | 20151026133310.0 | ||
| 008 | 150112b xxu||||| |||| 00| 0 eng d | ||
| 020 | |a 9788126443482 | ||
| 080 | |a 89M-1 |b JOS/C | ||
| 100 | |a Joseph, S |9 8168 | ||
| 245 | |a Chandranotoppam | ||
| 260 | |c 2013 |b D C Books |a Kottayam | ||
| 300 | |a 79p. | ||
| 653 | |a Malayalam literature - Poetry | ||
| 942 | |c BK |6 _ | ||
| 999 | |c 67588 |d 67588 | ||
| 952 | |0 0 |1 0 |2 udc |4 0 |6 89M1_JOSC |7 0 |9 79770 |a UL |b UL |d 2013-12-12 |g 0.00 |l 2 |o 89M-1 JOS/C |p 00071115 |r 2015-03-04 |s 2015-03-02 |v 0.00 |w 2013-12-12 |y BK | ||